One Piece - Dressrosa Ultimate Quiz - Statistics

General Stats
  • This quiz has been taken 277 times
  • The average score is 29 of 42
Answer Stats
Question Answer % Correct
Under what names does Luffy enter the Coliseum competition? Lucy
95%
What was Fujitora doing the first time we saw him? Gambling
91%
What is the reward for the winner of the Coliseum competition? Mera Mera no mi
90%
Which Donquixote Supreme Officer is the “Hero of the Coliseum”? Diamante
89%
Which SH is on the “Destroy the Factory” duty? Franky
88%
Who does Usopp defeat by making an absurd face? Sugar
86%
Who was “Mr Store”, the winner of Block A battle? Jesus Burgess
83%
Which Donquixote officer attacks the Sunny? Giolla
82%
Where does the meeting between Law and Doflamingo to hand over Ceasar take place? Green Bit
82%
Who causes Luffy to make this face? Sabo
81%
What ability did Usopp use to defeat Sugar the second time? Observation haki
80%
Why does Señor Pink dress as a baby? It made his vegetative wife smile
78%
What differentiates Kyros (Tin Soldier) from the other toys? No contract made with Sugar
77%
Which SH was turned into a toy? Robin
77%
Which powerful new technique does Luffy show us for the first time here? Bounce Man
75%
What is the reward for catching God Usopp in the Bird Cage Hunting Game? 500M
74%
Who was the navy man Law happened to come across when he wanted to save Corazon? Vergo
74%
Among these fighters, who was in the same block as Luffy? Hajrudin
73%
After Dressrosa, the SH bounties go up. What is weird on Sanji's bounty poster? It says "Only alive"
72%
According to Tin Soldier’s plan, what does operation S.O.P. stand for? Sugar Overwhelmed = Panic
72%
Who was the “legendary warrior” who helped the Tontatta against their oppressors a couple hundred years ago? Montblanc Noland
71%
What is not a particularity of the Tontattas? Sneeze all the time
70%
What makes Corazon reveal to Law his ability to talk? The reveal that Law has D in his name
69%
Why wasn’t Doflamingo taken back by the Celestial Dragons? Donquixote were seen as a line of traitors
68%
How was Law able to escape Flevance? Hid in a pile of bodies across the border
67%
What remarkable gesture does Admiral Fujitora and the navy do after Doglamingo is defeated? Bows and apologizes to King Riku
66%
Who helped protect Rebecca while Kyros was fighting Diamante? Robin
64%
Just before escaping, with whom does Law have a chat about Corazon? Sengoku
62%
Which ability is not one that is granted by the Giro Giro no mi (Viola's fruit)? Throwing spiralling slicing flowers
61%
Another Supernova was present during Law's flashback. Which one? X Drake
61%
Who is asked (but refuses) to eat the Mera Mera no mi if Luffy gets his hands on it? Franky
59%
Who helped Luffy escape around town while he recovered? Gatz
59%
Who's in the frog costume to run around undercover? Kin'emon
58%
Where was Princess Mansherry held prisoner when the SH saved her? Royal Palace
57%
What technique allows to damage internal organs while leaving the surface intact? Gamma Knife
55%
Lao G, Machvise, Senor Pink, and Dellinger are all under Diamante’s command. True
55%
Among those, which one is not of the 7 Grand Fleet Captains who drank the sake allegiance cup? Suleiman
53%
A decade ago, what was the price that Doflamingo was “willing” to sell the Kingdom of Dressrosa back to King Riku? 10B
52%
Which Doflamingo member had infiltrated the kingdom prior to the tragedy orchestrated by Doflamingo? Monet
51%
Who helps Zoro fly through the air to slice and defeat Pica? Orlumbus
42%
What is the number of the fighting fish that carries the Mera Mera no mi during the Coliseum finals? 01
34%
On which island does Law eat the Ope Ope no mi? Minion
26%
No matching quizzes found
Score Distribution
Percent of People with Each Score
Percentile by Number Answered
Your Score History
You have not taken this quiz